000 00840nam a2200253Ia 4500
003 OSt
005 20220923222332.0
006 a|||||r|||| 00| 0
007 ta
008 220922b |||||||| |||| 00| 0 guj d
024 _a204,487
037 _cTextual
040 _aARTS
_cARTS
_bguj
041 _2guj
_aguj
082 _aO156,3NME,US, 152M3
100 _aमेहता, रसिक; मंजी, शिवचरण, अनु.
_9164870
245 0 _aउष्मा
246 _aUṣhmā
260 _aअजमेर
_b सुशील प्रका0
_c1983
300 _a237पृ0
_ccm.
650 _aगुजराती साहित्य
942 _hO156,3NME,US, 152M3
_cTEXL
_2CC
999 _c355235
_d355235